000 00441nam a2200157Ia 4500
008 240729s9999 xx 000 0 und d
022 _a1805-9112
245 0 _aLittera Scripta
260 _aCzechia
260 _bInstitute of Technology and Business, České Budějovice
650 _a Finance
650 _aSocial Sciences
856 _uhttps://doaj.org/toc/a274a4c038334e8b86c47d3de9d3fdb7
942 _2ddc
942 _cDOAJEJ
999 _c70160
_d70160
945 _a1
_bMadushi Gamage
_c1
_dMadushi Gamage